[Event "17PCR_ZK09"]
[Site "?"]
[Date "2007.??.??"]
[Round "?"]
[White "Kelbl, Jiri"]
[Black "Trs, Jan"]
[Result "0-1"]
[WhiteElo "1656"]
[BlackElo "2255"]
[PlyCount "84"]
[EventDate "2007.??.??"]
[EventType "corr"]
[EventRounds "2"]
[SourceDate "2007.06.28"]

1. e4 c6 2. d4 d5 3. Nc3 dxe4 4. Nxe4 Bf5 5. Ng3 Bg6 6. Bc4 e6 7. N1e2 Nf6 8.
O-O Bd6 9. f4 Bf5 10. Nxf5 exf5 11. Ng3 g6 12. Re1+ Kf8 13. Qf3 Kg7 14. b3 Nbd7
15. Bb2 Qc7 16. Ne2 Rhe8 17. Rad1 Re7 18. h3 Rae8 19. g3 Nd5 20. Qf2 Ne3 21.
Rc1 Nxc4 22. bxc4 Qb6 23. Rb1 Qa6 24. Nc3 Qxc4 25. Rxe7 Rxe7 26. Rd1 Nf6 27. a3
h6 28. Qf1 Qxf1+ 29. Kxf1 Re3 30. Kf2 Rxc3 31. Bxc3 Ne4+ 32. Kf3 Nxc3 33. Rd3
Ne4 34. c4 Kf6 35. g4 g5 36. fxg5+ hxg5 37. d5 c5 38. a4 b6 39. Ke2 f4 40. Kf3
Ke5 41. Ke2 Be7 42. Kf3 Nd6 0-1

[Event "17PCR_ZK09"]
[Site "?"]
[Date "2007.??.??"]
[Round "?"]
[White "Koukal, Vladimir"]
[Black "Bednarik, Radovan"]
[Result "1-0"]
[WhiteElo "2230"]
[BlackElo "2126"]
[PlyCount "79"]
[EventDate "2007.??.??"]
[EventType "corr"]
[EventRounds "2"]
[SourceDate "2007.06.28"]

1. e4 c5 2. Nf3 e6 3. Nc3 a6 4. Be2 Nc6 5. d4 cxd4 6. Nxd4 Qc7 7. Be3 Nf6 8.
O-O Bb4 9. Nxc6 dxc6 10. Na4 O-O 11. f4 e5 12. c3 Bd6 13. Nb6 Rb8 14. Nc4 Nxe4
15. Kh1 Bc5 16. Qd3 Bf5 17. Bxc5 Nf2+ 18. Bxf2 Bxd3 19. Bxd3 b5 20. Nxe5 Rfe8
21. Bc5 f6 22. Nf3 Qxf4 23. Nd4 Qd2 24. Bc2 Rbd8 25. Rfd1 Qf2 26. Bb3+ Kh8 27.
Rab1 h6 28. Rg1 Qf4 29. Ne6 Rxe6 30. Bxe6 Qe5 31. Bb6 Rd2 32. Bg4 c5 33. Rbe1
Qg5 34. Re8+ Kh7 35. Bf3 Rxb2 36. Be4+ f5 37. Bd5 Rd2 38. Bg8+ Kh8 39. Bf7+ Kh7
40. Bxc5 1-0

[Event "17PCR_ZK09"]
[Site "?"]
[Date "2007.??.??"]
[Round "?"]
[White "Koukal, Vladimir"]
[Black "Binas, Jindrich"]
[Result "1/2-1/2"]
[WhiteElo "2230"]
[BlackElo "2021"]
[PlyCount "56"]
[EventDate "2007.??.??"]
[EventType "corr"]
[EventRounds "2"]
[SourceDate "2007.06.28"]

1. e4 e5 2. Nf3 Nc6 3. Bb5 a6 4. Ba4 Nf6 5. O-O Be7 6. d4 exd4 7. Re1 b5 8. Bb3
d6 9. Bd5 Nxd5 10. exd5 Ne5 11. Nxd4 Bg4 12. f3 Bd7 13. f4 Ng6 14. Nc3 O-O 15.
Nc6 Bxc6 16. dxc6 d5 17. f5 d4 18. fxg6 dxc3 19. gxh7+ Kxh7 20. Qh5+ Kg8 21.
bxc3 Qd6 22. a4 Rae8 23. Ba3 Qf6 24. Bxe7 Rxe7 25. Rxe7 Qxe7 26. axb5 g6 27.
Qg4 Qe3+ 28. Kh1 Qxc3 1/2-1/2

[Event "17PCR_ZK09"]
[Site "?"]
[Date "2007.??.??"]
[Round "?"]
[White "Koukal, Vladimir"]
[Black "Jezek, Otakar"]
[Result "1-0"]
[WhiteElo "2230"]
[BlackElo "1867"]
[PlyCount "60"]
[EventDate "2007.??.??"]
[EventType "corr"]
[EventRounds "2"]
[SourceDate "2007.06.28"]

1. e4 e5 2. Nf3 Nf6 3. d4 Nxe4 4. Bd3 d5 5. Nxe5 Qf6 6. O-O Bd6 7. c4 Bxe5 8.
dxe5 Qxe5 9. cxd5 f5 10. Qh5+ g6 11. Qh6 Qxd5 12. Bxe4 fxe4 13. Nc3 Qf7 14. Re1
Be6 15. Nxe4 Qf8 16. Qe3 Qf5 17. Ng5 O-O 18. Nxe6 Rf7 19. Ng5 Rf8 20. Qb3+ Kh8
21. Qc3+ Kg8 22. Qc4+ Kh8 23. Qh4 h5 24. Re7 Nc6 25. Rh7+ Kg8 26. Qc4+ Rf7 27.
Bd2 Ne5 28. Bc3 Raf8 29. Bxe5 Qxe5 30. Rxf7 Qg7 1-0

[Event "17PCR_ZK09"]
[Site "?"]
[Date "2007.??.??"]
[Round "?"]
[White "Koukal, Vladimir"]
[Black "Kelbl, Jiri"]
[Result "1-0"]
[WhiteElo "2230"]
[BlackElo "1656"]
[PlyCount "89"]
[EventDate "2007.??.??"]
[EventType "corr"]
[EventRounds "2"]
[SourceDate "2007.06.28"]

1. e4 e5 2. Nf3 Nc6 3. Bb5 a6 4. Ba4 Nf6 5. O-O Be7 6. Re1 b5 7. Bb3 d6 8. c3
O-O 9. d4 Bg4 10. Bc2 Re8 11. d5 Na5 12. Nbd2 Qc8 13. Nf1 c6 14. dxc6 Qxc6 15.
Ne3 Be6 16. Ng5 Bd7 17. Qd3 h6 18. Nf3 Nb7 19. b4 a5 20. Bd2 axb4 21. cxb4 Be6
22. Rec1 Qd7 23. Qe2 Reb8 24. Bd3 Nd8 25. a3 Qb7 26. Nd1 Bd7 27. Nc3 Ne6 28.
Nxb5 Bxb5 29. Bxb5 Qxe4 30. Qf1 Nd4 31. Nxd4 Qxd4 32. Bc3 Qe4 33. a4 Rc8 34. a5
Nd5 35. Bd3 Qf4 36. g3 Qg4 37. h3 Qg5 38. Be4 Nxc3 39. Bxa8 Qd2 40. Bb7 Ne2+
41. Kg2 Rxc1 42. Rxc1 Nxc1 43. a6 Qd4 44. Qxc1 d5 45. Qe3 1-0

[Event "17PCR_ZK09"]
[Site "?"]
[Date "2007.??.??"]
[Round "?"]
[White "Koukal, Vladimir"]
[Black "Kyhos, Alois"]
[Result "0-1"]
[WhiteElo "2230"]
[BlackElo "1951"]
[PlyCount "72"]
[EventDate "2007.??.??"]
[EventType "corr"]
[EventRounds "2"]
[SourceDate "2007.06.28"]

1. e4 e5 2. Nf3 Nc6 3. Bb5 a6 4. Ba4 Nf6 5. O-O Nxe4 6. d4 b5 7. Bb3 d5 8. Nxe5
Nxe5 9. dxe5 c6 10. a4 Be6 11. Nd2 Nc5 12. c3 Be7 13. Bc2 d4 14. f4 g6 15. axb5
cxb5 16. Qe1 O-O 17. Nf3 dxc3 18. Qxc3 Rc8 19. Qe1 Bc4 20. Rf2 Bd3 21. Rd2 Bxc2
22. Rxd8 Rfxd8 23. Bd2 Nb3 24. e6 Nxa1 25. exf7+ Kxf7 26. Qxa1 Be4 27. Ne5+ Kf8
28. Ba5 Rd5 29. Bc3 b4 30. Qxa6 Rc7 31. Qa8+ Kg7 32. Qb8 Bd6 33. Nc4+ bxc3 34.
Nxd6 Rd7 35. Qc8 R5xd6 36. Qxc3+ Rd4 0-1

[Event "17PCR_ZK09"]
[Site "?"]
[Date "2007.??.??"]
[Round "?"]
[White "Koukal, Vladimir"]
[Black "Trs, Jan"]
[Result "1/2-1/2"]
[WhiteElo "2230"]
[BlackElo "2255"]
[PlyCount "89"]
[EventDate "2007.??.??"]
[EventType "corr"]
[EventRounds "2"]
[SourceDate "2007.06.28"]

1. e4 c5 2. Nf3 d6 3. d4 cxd4 4. Nxd4 Nf6 5. Nc3 Nc6 6. Be2 e5 7. Nb3 Be7 8.
O-O O-O 9. Be3 a5 10. a3 Be6 11. Re1 d5 12. exd5 Nxd5 13. Nxd5 Bxd5 14. Bb5 a4
15. Nc5 Qb6 16. Nxa4 Qxb5 17. Nc3 Qxb2 18. Nxd5 Bxa3 19. c4 Nd4 20. Rb1 Qc2 21.
Bxd4 Qxd1 22. Rexd1 exd4 23. Rxd4 Bc5 24. Rd2 Ra4 25. g3 Rxc4 26. Rxb7 Rc8 27.
Rd7 g6 28. Rd3 Rc2 29. Rf3 Rf8 30. g4 f5 31. Kg2 Re2 32. h4 Re6 33. gxf5 Rxf5
34. Rxf5 gxf5 35. h5 Rh6 36. Rc7 Ba3 37. Ra7 Bb2 38. Rb7 Bg7 39. Ne7+ Kf8 40.
Nxf5 Rxh5 41. Ng3 Rg5 42. Kh3 h5 43. Ne4 Rf5 44. Kg2 Bd4 45. f3 1/2-1/2

[Event "17PCR_ZK09"]
[Site "?"]
[Date "2007.??.??"]
[Round "?"]
[White "Kyhos, Alois"]
[Black "Bednarik, Radovan"]
[Result "1/2-1/2"]
[WhiteElo "1951"]
[BlackElo "2126"]
[PlyCount "61"]
[EventDate "2007.??.??"]
[EventType "corr"]
[EventRounds "2"]
[SourceDate "2007.06.28"]

1. e4 c5 2. c3 d5 3. exd5 Qxd5 4. d4 e6 5. Na3 Bd7 6. Nb5 Bxb5 7. Bxb5+ Nc6 8.
Nf3 cxd4 9. Qa4 a6 10. Bxc6+ Qxc6 11. Qxc6+ bxc6 12. Nxd4 c5 13. Nb3 Nf6 14.
Be3 Rc8 15. O-O-O h5 16. h3 Nd5 17. Rhe1 Nxe3 18. Rxe3 Be7 19. Re4 Rh6 20. Nd2
Rf6 21. Nf3 g5 22. b3 Rf5 23. Kc2 Rd5 24. Rxd5 exd5 25. Re5 Rd8 26. g4 hxg4 27.
hxg4 Rd6 28. Kd3 f6 29. Re2 Kd7 30. c4 d4 31. Nd2 1/2-1/2

[Event "17PCR_ZK09"]
[Site "?"]
[Date "2007.??.??"]
[Round "?"]
[White "Kyhos, Alois"]
[Black "Binas, Jindrich"]
[Result "1/2-1/2"]
[WhiteElo "1951"]
[BlackElo "2021"]
[PlyCount "58"]
[EventDate "2007.??.??"]
[EventType "corr"]
[EventRounds "2"]
[SourceDate "2007.06.28"]

1. e4 c5 2. Nf3 d6 3. d4 cxd4 4. Nxd4 Nf6 5. Nc3 g6 6. Be3 Bg7 7. f3 Nc6 8. Qd2
Bd7 9. Bc4 O-O 10. O-O-O Rc8 11. Bb3 Ne5 12. h4 h5 13. Bg5 Rc5 14. Rhe1 b5 15.
f4 Nc4 16. Bxc4 Rxc4 17. e5 b4 18. Qd3 Rxd4 19. Qxd4 bxc3 20. exf6 exf6 21.
Qxd6 fxg5 22. Qxd7 Qa5 23. Re8 Qxa2 24. Rxf8+ Bxf8 25. bxc3 gxf4 26. Qc8 Kg7
27. Rd8 Qa1+ 28. Kd2 Qg1 29. Rxf8 Qe3+ 1/2-1/2

[Event "17PCR_ZK09"]
[Site "?"]
[Date "2007.??.??"]
[Round "?"]
[White "Kyhos, Alois"]
[Black "Jezek, Otakar"]
[Result "1-0"]
[WhiteElo "1951"]
[BlackElo "1867"]
[PlyCount "102"]
[EventDate "2007.??.??"]
[EventType "corr"]
[EventRounds "2"]
[SourceDate "2007.06.28"]

1. e4 e5 2. Nf3 Nc6 3. Bb5 Nf6 4. O-O Be7 5. d4 exd4 6. e5 Ng4 7. Re1 d6 8.
Nxd4 Ngxe5 9. f4 a6 10. Ba4 b5 11. Bb3 Nxd4 12. Qxd4 Nc4 13. Qxg7 Rf8 14. Nc3
Be6 15. Qxh7 Qd7 16. a4 O-O-O 17. axb5 axb5 18. f5 Bxf5 19. Qh5 Rfe8 20. Rxe7
Rxe7 21. Bg5 Bg6 22. Qf3 d5 23. Qf6 Qe6 24. Qxe7 Qxe7 25. Bxe7 Rd7 26. Bc5 c6
27. Ne2 Nxb2 28. Nd4 Nc4 29. Nxc6 Rc7 30. Na7+ Kd7 31. Bd4 Rb7 32. Ra6 Kc7 33.
g4 Be4 34. Kf2 Nd2 35. Be5+ Kd7 36. Rd6+ Ke8 37. Nxb5 f5 38. g5 Nf3 39. Rxd5
Bxd5 40. Nd6+ Kf8 41. Bxd5 Re7 42. Bf6 Rd7 43. Kxf3 Rxd6 44. c4 Rb6 45. Kf4 Ke8
46. Kxf5 Rb1 47. g6 Rf1+ 48. Ke6 Re1+ 49. Kd6 Rg1 50. g7 Rg6 51. g8=Q+ Rxg8 1-0

[Event "17PCR_ZK09"]
[Site "?"]
[Date "2007.??.??"]
[Round "?"]
[White "Kyhos, Alois"]
[Black "Kelbl, Jiri"]
[Result "1/2-1/2"]
[WhiteElo "1951"]
[BlackElo "1656"]
[PlyCount "71"]
[EventDate "2007.??.??"]
[EventType "corr"]
[EventRounds "2"]
[SourceDate "2007.06.28"]

1. e4 e5 2. Nf3 Nf6 3. d4 Nxe4 4. Bd3 d5 5. Nxe5 Nd7 6. Nxd7 Bxd7 7. O-O Bd6 8.
c4 c6 9. cxd5 cxd5 10. Qh5 O-O 11. Qxd5 Bc6 12. Qh5 g6 13. Qh3 Ng5 14. Qg4 Ne6
15. Bh6 Re8 16. Nc3 Nxd4 17. Rad1 Be5 18. Rfe1 Qc7 19. Kh1 Rad8 20. a3 Qc8 21.
Qxc8 Rxc8 22. Re3 Bh8 23. Kg1 a6 24. Kf1 Rxe3 25. Bxe3 Ne6 26. Rd2 Rd8 27. f4
h5 28. g3 b5 29. h3 f5 30. Ke2 Bg7 31. Bb1 Rxd2+ 32. Kxd2 Kf8 33. Ba2 Ke7 34.
b4 Kd6 35. h4 Bf6 36. Ba7 1/2-1/2

[Event "17PCR_ZK09"]
[Site "?"]
[Date "2007.??.??"]
[Round "?"]
[White "Kyhos, Alois"]
[Black "Koukal, Vladimir"]
[Result "1/2-1/2"]
[WhiteElo "1951"]
[BlackElo "2230"]
[PlyCount "93"]
[EventDate "2007.??.??"]
[EventType "corr"]
[EventRounds "2"]
[SourceDate "2007.06.28"]

1. e4 e5 2. Nf3 Nc6 3. Bb5 a6 4. Ba4 Nf6 5. O-O Be7 6. Re1 b5 7. Bb3 d6 8. c3
O-O 9. h3 Na5 10. Bc2 c5 11. d4 cxd4 12. cxd4 Bb7 13. Nbd2 Rc8 14. d5 Qc7 15.
Bd3 Nd7 16. Nf1 f5 17. exf5 Nc4 18. Bxc4 bxc4 19. Ne3 Qc5 20. b4 Qa7 21. a4 e4
22. Ng4 Nf6 23. Bg5 Qa8 24. Nxf6+ Bxf6 25. Bxf6 Rxf6 26. Nd4 Bxd5 27. Re3 Bc6
28. Rg3 Qb7 29. b5 Bd7 30. bxa6 Qxa6 31. Ne6 Bxe6 32. Qd4 Kh8 33. fxe6 d5 34.
Qxd5 Rxe6 35. a5 Qd6 36. Qxd6 Rxd6 37. Rc3 h5 38. Kf1 g5 39. a6 Ra8 40. Rxc4
Rdxa6 41. Rxa6 Rxa6 42. Rc5 Rg6 43. Ke2 Kh7 44. Ke3 Kh6 45. Kxe4 Ra6 46. Kf5 h4
47. Kg4 1/2-1/2

[Event "17PCR_ZK09"]
[Site "?"]
[Date "2007.??.??"]
[Round "?"]
[White "Kyhos, Alois"]
[Black "Trs, Jan"]
[Result "1-0"]
[WhiteElo "1951"]
[BlackElo "2255"]
[PlyCount "105"]
[EventDate "2007.??.??"]
[EventType "corr"]
[EventRounds "2"]
[SourceDate "2007.06.28"]

1. e4 c6 2. d4 d5 3. Nc3 dxe4 4. Nxe4 Nd7 5. Nf3 Ngf6 6. Nxf6+ Nxf6 7. Bc4 Bf5
8. O-O e6 9. Ne5 Be7 10. c3 O-O 11. Qe2 Bd6 12. g4 Bg6 13. h4 b5 14. Nxc6 Qc7
15. Bxb5 a6 16. Ba4 Be4 17. Ne5 Bxe5 18. dxe5 Qxe5 19. f3 Qa5 20. b3 Bb7 21. c4
Rad8 22. Bg5 Qc7 23. Qh2 Qe7 24. Qe5 Rd3 25. Rad1 Rxd1 26. Rxd1 Bxf3 27. Rd3
Ba8 28. c5 Qb7 29. c6 Qb4 30. Kf1 Nd5 31. Rxd5 exd5 32. Be7 Qxg4 33. Bxf8 Qd1+
34. Qe1 Qd3+ 35. Kf2 Qd4+ 36. Kg2 Qg4+ 37. Kh2 Qf4+ 38. Qg3 Qxg3+ 39. Kxg3 Kxf8
40. c7 Bb7 41. Bd7 a5 42. c8=R+ Bxc8 43. Bxc8 Ke7 44. Kf4 Kf6 45. a3 h6 46. b4
axb4 47. axb4 g5+ 48. hxg5+ hxg5+ 49. Kg4 d4 50. Bf5 Ke5 51. Kxg5 Kd5 52. Bd3
Ke5 53. b5 1-0

[Event "17PCR_ZK09"]
[Site "?"]
[Date "2007.??.??"]
[Round "?"]
[White "Trs, Jan"]
[Black "Bednarik, Radovan"]
[Result "1-0"]
[WhiteElo "2255"]
[BlackElo "2126"]
[PlyCount "85"]
[EventDate "2007.??.??"]
[EventType "corr"]
[EventRounds "2"]
[SourceDate "2007.06.28"]

1. c4 e6 2. Nc3 Bb4 3. d4 Nf6 4. Qc2 O-O 5. a3 Bxc3+ 6. Qxc3 Ne4 7. Qc2 f5 8.
g3 Nc6 9. Nf3 Qf6 10. Be3 b6 11. Bg2 Bb7 12. O-O-O Na5 13. Ne5 Qe7 14. f3 Nf6
15. Qc3 d6 16. Nd3 d5 17. c5 Nc4 18. Bg5 h6 19. Bxf6 Rxf6 20. b3 Ne3 21. Rdg1
e5 22. Nxe5 Nxg2 23. Rxg2 bxc5 24. Qxc5 Qxc5+ 25. dxc5 Re8 26. Nd3 Rfe6 27. Kd2
Re3 28. a4 d4 29. b4 Bd5 30. Rb1 Bc4 31. f4 Ba2 32. Rb2 Bd5 33. Rf2 Rb8 34. b5
a5 35. Rf1 Rbe8 36. Ne5 Ra3 37. b6 cxb6 38. cxb6 Rxa4 39. Rc1 Rb4 40. Rxb4 axb4
41. Rc7 Rb8 42. Nd7 Ra8 43. b7 1-0

[Event "17PCR_ZK09"]
[Site "?"]
[Date "2007.??.??"]
[Round "?"]
[White "Trs, Jan"]
[Black "Binas, Jindrich"]
[Result "1/2-1/2"]
[WhiteElo "2255"]
[BlackElo "2021"]
[PlyCount "76"]
[EventDate "2007.??.??"]
[EventType "corr"]
[EventRounds "2"]
[SourceDate "2007.06.28"]

1. c4 e5 2. Nc3 Nc6 3. Nf3 f5 4. d4 e4 5. Ng5 h6 6. Nh3 g5 7. Ng1 Bg7 8. e3 d6
9. h4 g4 10. Nge2 Nf6 11. Bd2 Ne7 12. Nf4 c6 13. Qb3 h5 14. Nce2 d5 15. Ng3 Kf7
16. O-O-O Ng6 17. Nxg6 Kxg6 18. Kb1 Qc7 19. cxd5 Nxd5 20. Bc4 Be6 21. Rc1 Qd7
22. f3 b5 23. Be2 Nf6 24. Qc2 Rac8 25. Rhf1 Qd5 26. b3 Rhf8 27. Bb4 Rf7 28. Qd2
Qd7 29. Bc5 Bh6 30. fxe4 Nxe4 31. Nxe4 fxe4 32. Rxf7 Bxf7 33. Rf1 Bd5 34. Bd1
a5 35. Bc2 Qe6 36. Qxa5 Bxe3 37. Qa7 Bh6 38. Kb2 Bg7 1/2-1/2

[Event "17PCR_ZK09"]
[Site "?"]
[Date "2007.??.??"]
[Round "?"]
[White "Trs, Jan"]
[Black "Jezek, Otakar"]
[Result "1-0"]
[WhiteElo "2255"]
[BlackElo "1867"]
[PlyCount "104"]
[EventDate "2007.??.??"]
[EventType "corr"]
[EventRounds "2"]
[SourceDate "2007.06.28"]

1. c4 e5 2. Nc3 Nf6 3. Nf3 d6 4. d4 Nc6 5. d5 Nb8 6. e4 Be7 7. h3 O-O 8. Be3
Na6 9. Be2 c6 10. a3 Bd7 11. O-O b6 12. b4 c5 13. Rb1 Qc8 14. Qd3 Re8 15. Rfd1
Qb7 16. Bd2 Qc8 17. Ne1 Rf8 18. Nc2 Ne8 19. Rf1 Qd8 20. f4 exf4 21. Bxf4 Bf6
22. Nb5 Be5 23. Qg3 Qf6 24. Bxe5 Qxe5 25. Qxe5 dxe5 26. Ne3 cxb4 27. axb4 Bxb5
28. cxb5 Nb8 29. Nc4 Nd7 30. Rbc1 Nd6 31. Nxd6 Nf6 32. Rc7 Rad8 33. Nb7 Rb8 34.
d6 Ne8 35. Re7 Nf6 36. Rd1 Nxe4 37. Bc4 Nc3 38. Rf1 Ne4 39. Rfxf7 Rxf7 40. d7
h6 41. Bxf7+ Kh7 42. Be6 Nf6 43. d8=Q Rxd8 44. Bf5+ Kh8 45. Nxd8 g6 46. Bxg6
Nd5 47. Rh7+ Kg8 48. g3 Nc3 49. Rf7 Ne2+ 50. Kf1 Nd4 51. Nc6 Nf5 52. Rxf5 Kh8
1-0

[Event "17PCR_ZK09"]
[Site "?"]
[Date "2007.??.??"]
[Round "?"]
[White "Trs, Jan"]
[Black "Kelbl, Jiri"]
[Result "1-0"]
[WhiteElo "2255"]
[BlackElo "1656"]
[PlyCount "71"]
[EventDate "2007.??.??"]
[EventType "corr"]
[EventRounds "2"]
[SourceDate "2007.06.28"]

1. c4 Nf6 2. Nc3 g6 3. d4 d5 4. Nf3 Bg7 5. Qb3 dxc4 6. Qxc4 O-O 7. Bf4 c6 8. e4
Bg4 9. Be2 Nbd7 10. O-O Nb6 11. Qb4 Nh5 12. Be3 Re8 13. a4 a5 14. Qb3 Bxf3 15.
Bxf3 Bxd4 16. Bxh5 gxh5 17. Rad1 e5 18. Rd3 Re6 19. Qd1 c5 20. Qxh5 Qf8 21.
Bxd4 exd4 22. Rh3 h6 23. Rg3+ Kh7 24. Ne2 Nxa4 25. Qf5+ Kh8 26. Nf4 Rb6 27.
Qe5+ Kh7 28. Ra1 Nxb2 29. Nh5 Nc4 30. Qf5+ Rg6 31. Nf4 a4 32. Nxg6 fxg6 33.
Qxg6+ Kh8 34. Rf3 Qg7 35. Qe6 b5 36. Rf7 1-0

[Event "17PCR_ZK09"]
[Site "?"]
[Date "2007.??.??"]
[Round "?"]
[White "Trs, Jan"]
[Black "Koukal, Vladimir"]
[Result "0-1"]
[WhiteElo "2255"]
[BlackElo "2230"]
[PlyCount "137"]
[EventDate "2007.??.??"]
[EventType "corr"]
[EventRounds "2"]
[SourceDate "2007.06.28"]

1. d4 Nf6 2. c4 e6 3. Nf3 d5 4. Nc3 Bb4 5. Bg5 c6 6. Qc2 dxc4 7. e4 Qa5 8. Bxf6
gxf6 9. Bxc4 Nd7 10. O-O Qh5 11. Ne2 Nb6 12. Ng3 Qh6 13. Bd3 O-O 14. Qb3 Bd6
15. a4 Nd7 16. a5 Rb8 17. Rfe1 Kh8 18. e5 Be7 19. Qc3 f5 20. a6 Rd8 21. Qc2 c5
22. d5 b5 23. d6 Bf8 24. Qc3 Rb6 25. b4 c4 26. Bxf5 exf5 27. Nxf5 Qe6 28. N3d4
Qg6 29. Re3 Nxe5 30. Rxe5 Qf6 31. Rae1 Bd7 32. Ng3 Qxd6 33. Nc6 Bxc6 34. Rd5+
Bg7 35. Rxd6 Bxc3 36. Rxd8+ Kg7 37. Rb1 Rxa6 38. Rd6 Kf8 39. f4 Bb7 40. Rxa6
Bxa6 41. Ne4 Bd4+ 42. Kf1 Bb7 43. Nd6 Bc6 44. Ke2 h5 45. g3 a6 46. Kd2 Bd7 47.
Re1 Bc6 48. Re2 Bd7 49. Kc2 Bf6 50. Re1 Be6 51. Re4 Bd7 52. Re2 h4 53. Re1 h3
54. Re2 Be6 55. Kc1 Be7 56. Rd2 Kg8 57. Kc2 Kg7 58. Rd4 Bd7 59. Rd5 Be6 60. Rd2
Bg4 61. Kb2 Bf6+ 62. Kc1 Bc3 63. Ra2 Bxb4 64. Rxa6 Bc5 65. Nxb5 Be3+ 66. Kb1
Bg1 67. Ra2 Bf3 68. Nd6 c3 69. Kc1 0-1

[Event "17PCR_ZK09"]
[Site "?"]
[Date "2007.??.??"]
[Round "?"]
[White "Trs, Jan"]
[Black "Kyhos, Alois"]
[Result "0-1"]
[WhiteElo "2255"]
[BlackElo "1951"]
[PlyCount "118"]
[EventDate "2007.??.??"]
[EventType "corr"]
[EventRounds "2"]
[SourceDate "2007.06.28"]

1. d4 Nf6 2. c4 e6 3. Nc3 d5 4. Nf3 c6 5. e3 Nbd7 6. Qc2 Be7 7. b3 O-O 8. Bb2
b6 9. Bd3 Bb7 10. O-O Rc8 11. Rad1 Qc7 12. e4 dxe4 13. Nxe4 Nxe4 14. Bxe4 Nf6
15. Bd3 Rfd8 16. a3 c5 17. d5 exd5 18. Be5 Qc6 19. Bf5 Ra8 20. cxd5 Rxd5 21.
Bxf6 Qxf6 22. Bxh7+ Kf8 23. Rxd5 Bxd5 24. Be4 Rd8 25. Bxd5 Rxd5 26. Re1 g6 27.
Qb1 Qd6 28. b4 Bf6 29. bxc5 bxc5 30. Qb3 Rd3 31. Qa2 Qf4 32. a4 Kg7 33. h3 Rc3
34. Qd5 Rc1 35. Rxc1 Qxc1+ 36. Kh2 c4 37. g4 c3 38. Kg2 Qf4 39. Qc5 Kg8 40. a5
Qe4 41. g5 Bg7 42. Qxa7 Qb1 43. Ng1 Qf5 44. a6 Qxg5+ 45. Kf1 c2 46. Qa8+ Kh7
47. Ne2 c1=Q+ 48. Nxc1 Qxc1+ 49. Kg2 Qg5+ 50. Kf1 Qb5+ 51. Kg2 Bd4 52. h4 Kg7
53. Qe4 Bb6 54. Qb7 Qa5 55. Kg3 Qe5+ 56. Kg2 Qd4 57. Qf3 Qxh4 58. Qe2 f5 59.
Qb2+ Qd4 0-1